| 000 | 00406nam a2200157Ia 4500 | ||
|---|---|---|---|
| 008 | 180420s9999 xx 000 0 und d | ||
| 040 | _aPK-NaQUE | ||
| 100 | _a14CE17 | ||
| 100 | _aAsad Ali Shah | ||
| 245 | 0 | _aAnalysis and Design of 11 Story Residencial Building Using Etabs | |
| 260 | _aNawabshah | ||
| 260 | _bQUEST | ||
| 260 | _c2014 | ||
| 300 | _a58 | ||
| 700 | _aDepartment Of Civil Engineering | ||
| 999 |
_c58458 _d58455 |
||